[Event "Innsbruck op 5th"]
[Site "Innsbruck"]
[Date "2021.08.26"]
[Round "7"]
[White "Gaitzsch, Martin"]
[Black "Lorenz, Jannik"]
[Result "1-0"]
[WhiteElo "2008"]
[BlackElo "2052"]
[PlyCount "57"]
[EventDate "2021.08.21"]
[EventType "swiss"]
[EventRounds "9"]
[EventCountry "AUT"]
[SourceTitle "CBM 204 Extra"]
[Source "ChessBase"]
[SourceDate "2021.11.30"]
[SourceVersion "1"]
[SourceVersionDate "2021.11.30"]
[SourceQuality "1"]

1. c4 e5 2. g3 Nf6 3. Bg2 d5 4. cxd5 Nxd5 5. Nc3 Nb6 6. Nf3 Nc6 7. 0-0 Be7 8. a3 0-0 9. b4 Re8 10. b5 Nd4 11. Nxe5 Bf6 12. f4 Bxe5 13. fxe5 Bg4 14. Rf4 Bh5 15. g4 g5 16. Rf2 Bxg4 17. Rb1 Rxe5 18. Rb4 f5 19. Qf1 c5 20. bxc6 Nxc6 21. Rxg4 fxg4 22. Ne4 Nd7 23. Bb2 Re6 24. Bc3 Qe7 25. Ng3 Qc5 26. Kh1 Rae8 27. Rf5 Qe7 28. Bd5 h6 29. Nh5 1-0

[Event "Verbandsliga Suedbaden 1920"]
[Site "Baden"]
[Date "2019.09.29"]
[Round "1.5"]
[White "Wendering, Leonard"]
[Black "Lorenz, Jannik"]
[Result "0-1"]
[WhiteElo "1980"]
[BlackElo "2062"]
[PlyCount "46"]
[EventDate "2019.09.29"]
[EventType "team-tourn"]
[EventRounds "9"]
[EventCountry "GER"]
[SourceTitle "EXT 2021"]
[Source "ChessBase"]
[SourceDate "2020.10.23"]
[SourceVersion "1"]
[SourceVersionDate "2020.10.23"]
[SourceQuality "1"]
[WhiteTeam "Heitersheim"]
[BlackTeam "Kuppenheim"]
[WhiteTeamCountry "GER"]
[BlackTeamCountry "GER"]

1. e4 e6 2. Nc3 d5 3. d4 Nf6 4. exd5 Nxd5 5. Nxd5 Qxd5 6. Nf3 Be7 7. Bd3 0-0 8. 0-0 c5 9. Re1 Nc6 10. Ne5 cxd4 11. Be4 Qc5 12. Nxc6 bxc6 13. Qf3 Bd7 14. c3 e5 15. cxd4 exd4 16. Bxh7+ Kxh7 17. Qe4+ Kg8 18. b4 Qc3 19. Qxe7 Qxa1 20. Qxd7 Qc3 21. Rd1 Rad8 22. Qg4 Rfe8 23. Bd2 Qxd2 0-1

[Event "Innsbruck op 3rd"]
[Site "Innsbruck"]
[Date "2019.08.28"]
[Round "5"]
[White "Dirmeier, Carolin"]
[Black "Lorenz, Jannik"]
[Result "1/2-1/2"]
[WhiteElo "1946"]
[BlackElo "2062"]
[PlyCount "61"]
[EventDate "2019.08.25"]
[EventType "swiss"]
[EventRounds "9"]
[EventCountry "AUT"]
[SourceTitle "EXT 2020"]
[Source "ChessBase"]
[SourceDate "2019.10.17"]
[SourceVersion "1"]
[SourceVersionDate "2019.10.17"]
[SourceQuality "1"]

1. e4 c5 2. Nf3 d6 3. d4 cxd4 4. Nxd4 Nf6 5. Nc3 a6 6. Bg5 e6 7. Qd2 h6 8. Bxf6 Qxf6 9. 0-0-0 Nc6 10. Nb3 Qd8 11. f4 Be7 12. Kb1 b5 13. g4 Bb7 14. Rg1 Qb6 15. Bd3 0-0-0 16. Ne2 d5 17. exd5 Rxd5 18. Nc3 Rdd8 19. Qe2 Kb8 20. a4 b4 21. a5 Qc7 22. Na4 Nxa5 23. Bxa6 Nxb3 24. Bxb7 Qxb7 25. cxb3 Ka8 26. Qe5 Bf6 27. Qa5+ Qa7 28. Qb5 Qb7 29. Qa5+ Qa7 30. Qb5 Qb7 31. Qa5+ 1/2-1/2

[Event "Innsbruck op 3rd"]
[Site "Innsbruck"]
[Date "2019.08.27"]
[Round "4"]
[White "Lorenz, Jannik"]
[Black "Casadio, Niccolo"]
[Result "1/2-1/2"]
[WhiteElo "2062"]
[BlackElo "1955"]
[PlyCount "100"]
[EventDate "2019.08.25"]
[EventType "swiss"]
[EventRounds "9"]
[EventCountry "AUT"]
[SourceTitle "EXT 2020"]
[Source "ChessBase"]
[SourceDate "2019.10.17"]
[SourceVersion "1"]
[SourceVersionDate "2019.10.17"]
[SourceQuality "1"]

1. e4 e6 2. d4 d5 3. e5 c5 4. c3 Nc6 5. Nf3 Qb6 6. a3 Nh6 7. b4 cxd4 8. Bxh6 gxh6 9. cxd4 Bd7 10. Ra2 Rg8 11. g3 Rg4 12. Rd2 a5 13. b5 Na7 14. Qb3 Re4+ 15. Kd1 Bxb5 16. Bd3 Qa6 17. Bxe4 dxe4 18. Nh4 Qc6 19. d5 Ba4 20. dxc6 Bxb3+ 21. Ke2 Nxc6 22. f4 b5 23. Rc1 Bc4+ 24. Ke3 Ne7 25. Kxe4 Nd5 26. Nf3 Rc8 27. Rdc2 f5+ 28. exf6 Nxf6+ 29. Ke3 Rd8 30. Rxc4 bxc4 31. Rxc4 Rb8 32. Nbd2 Bxa3 33. Rc6 Rb6 34. Rxb6 Nd5+ 35. Ke4 Nxb6 36. Nd4 Bb4 37. N2f3 Ke7 38. Nc6+ Kd6 39. Nxb4 axb4 40. Kd4 b3 41. Kc3 Kd5 42. Kxb3 Ke4 43. Nh4 Nd5 44. Kc4 Nxf4 45. gxf4 Kxf4 46. Kd3 Kg4 47. Ng2 Kh3 48. Nf4+ Kxh2 49. Nxe6 h5 50. Ke2 Kg2 1/2-1/2

[Event "Deizisau op 9th"]
[Site "Deizisau"]
[Date "2014.10.24"]
[Round "1"]
[White "Neyman, Igor"]
[Black "Lorenz, Jannik"]
[Result "1-0"]
[WhiteElo "2285"]
[BlackElo "1883"]
[PlyCount "83"]
[EventDate "2014.10.24"]
[EventType "swiss"]
[EventRounds "7"]
[EventCountry "GER"]
[SourceTitle "EXT 2015"]
[Source "ChessBase"]
[SourceDate "2014.11.20"]
[SourceVersion "1"]
[SourceVersionDate "2014.11.20"]
[SourceQuality "1"]

1. d4 Nf6 2. c4 c5 3. d5 b5 4. cxb5 a6 5. f3 g6 6. e4 Bg7 7. Na3 d6 8. Ne2 0-0 9. Nc3 Nbd7 10. Be2 axb5 11. Naxb5 Ba6 12. 0-0 Ne8 13. a4 Nc7 14. Rb1 Bxb5 15. Nxb5 Nb8 16. b3 Nba6 17. Bb2 Nb4 18. Bxg7 Kxg7 19. Bc4 f5 20. Qe2 Nxb5 21. Bxb5 f4 22. Rbd1 Qc7 23. Rfe1 Rf7 24. g4 Qb7 25. Bc4 Rd8 26. Ra1 Ra8 27. Kg2 Ra7 28. Qd2 Qc7 29. Qc3+ Kg8 30. Rad1 Qd8 31. e5 Rb7 32. Rd2 dxe5 33. Qxe5 Qd6 34. Qc3 Rf6 35. Re6 Rxe6 36. dxe6 Qb8 37. Bb5 Rc7 38. Rd7 Rxd7 39. exd7 Qd6 40. Bc4+ Nd5 41. Bxd5+ Qxd5 42. Qc4 1-0

[Event "Verbandsliga Suedbaden 1415"]
[Site "Baden"]
[Date "2014.10.12"]
[Round "1.8"]
[White "Lorenz, Jannik"]
[Black "Niessen, Stefan"]
[Result "1-0"]
[WhiteElo "1883"]
[BlackElo "2021"]
[PlyCount "163"]
[EventDate "2014.10.12"]
[EventType "team-tourn"]
[EventRounds "9"]
[EventCountry "GER"]
[SourceTitle "EXT 2022"]
[Source "ChessBase"]
[SourceDate "2021.10.06"]
[SourceVersion "1"]
[SourceVersionDate "2021.10.06"]
[SourceQuality "1"]
[WhiteTeam "Kuppenheim"]
[BlackTeam "Baden Baden IV"]
[WhiteTeamCountry "GER"]
[BlackTeamCountry "GER"]

1. e4 c6 2. d4 d5 3. exd5 cxd5 4. Bd3 Nc6 5. c3 Qc7 6. Ne2 e5 7. dxe5 Nxe5 8. Bc2 Nf6 9. Bg5 Be6 10. Bxf6 gxf6 11. Ba4+ Bd7 12. Bxd7+ Qxd7 13. Nd4 0-0-0 14. Qc2 Qg4 15. Qf5+ Qxf5 16. Nxf5 Nd3+ 17. Kd2 Nxb2 18. Kc2 Nc4 19. Nd2 Nxd2 20. Kxd2 Rg8 21. g3 Rg5 22. Nd4 Re5 23. Rab1 Bc5 24. Kd3 Rde8 25. Rb2 Bxd4 26. cxd4 R5e6 27. Rc1+ Rc6 28. Rcb1 Re7 29. Rb5 Rd7 30. Re1 Kd8 31. Re3 Ra6 32. Re2 Ra3+ 33. Rb3 Ra4 34. Reb2 b6 35. Rb5 Ke7 36. R5b3 Rc7 37. Rb4 Ra6 38. a4 Rc1 39. Ra2 Kd6 40. g4 Rd1+ 41. Ke3 Re1+ 42. Kd3 Rd1+ 43. Ke3 Rc1 44. Kd3 Rc8 45. Ra1 Rg8 46. Rg1 h5 47. h3 hxg4 48. Rxg4 Rh8 49. Rg3 Rh4 50. Ke3 f5 51. f4 Ra5 52. Rf3 Kc6 53. Kf2 b5 54. Kg3 Rh6 55. Rc3+ Kb6 56. axb5 Rxb5 57. Rxb5+ Kxb5 58. Rc5+ Kb4 59. Rxd5 Rf6 60. Kh4 a5 61. Kg5 Rg6+ 62. Kxf5 a4 63. Rd7 Ra6 64. Rxf7 a3 65. Rb7+ Kc4 66. Rb1 a2 67. Ra1 Kxd4 68. h4 Ra5+ 69. Kg6 Ra6+ 70. Kg5 Ra5+ 71. f5 Ke4 72. Kg6 Rxf5 73. Rxa2 Rb5 74. Rf2 Rb6+ 75. Rf6 Rb1 76. h5 Rg1+ 77. Kf7 Rh1 78. h6 Ke5 79. Kg7 Rh2 80. Rg6 Kf5 81. h7 Rh1 82. Rg2 1-0

[Event "Baden-ch U16"]
[Site "Karlsruhe"]
[Date "2014.01.06"]
[Round "7"]
[White "Lorenz, Jannik"]
[Black "Bohlsen, Linus"]
[Result "0-1"]
[WhiteElo "1786"]
[BlackElo "1888"]
[PlyCount "66"]
[EventDate "2014.01.??"]
[EventType "swiss"]
[EventRounds "7"]
[EventCountry "GER"]
[SourceTitle "EXT 2022"]
[Source "ChessBase"]
[SourceDate "2021.10.06"]
[SourceVersion "1"]
[SourceVersionDate "2021.10.06"]
[SourceQuality "1"]

1. e4 c5 2. c3 Nf6 3. e5 Nd5 4. Nf3 Nc6 5. Bc4 Nb6 6. Bb3 c4 7. Bc2 g6 8. d4 cxd3 9. Bxd3 d6 10. exd6 Qxd6 11. 0-0 Bg7 12. Na3 0-0 13. Nc4 Nxc4 14. Bxc4 Qc7 15. Qe2 Bg4 16. Bd5 Rad8 17. Bxc6 Qxc6 18. Qe3 Bxf3 19. Qxf3 Qxf3 20. gxf3 Rd5 21. Be3 a6 22. Rfd1 Rfd8 23. Rxd5 Rxd5 24. Kf1 Kf8 25. Ke2 Rb5 26. b4 Bxc3 27. Rc1 Bxb4 28. Rc8+ Kg7 29. Kd3 Bd6 30. Bd4+ f6 31. h4 Rh5 32. Rc2 Rxh4 33. Rc4 Be5 0-1

[Event "Baden-ch U16"]
[Site "Karlsruhe"]
[Date "2014.01.04"]
[Round "5"]
[White "Becker, Dirk"]
[Black "Lorenz, Jannik"]
[Result "1-0"]
[WhiteElo "1984"]
[BlackElo "1786"]
[PlyCount "97"]
[EventDate "2014.01.??"]
[EventType "swiss"]
[EventRounds "7"]
[EventCountry "GER"]
[SourceTitle "EXT 2022"]
[Source "ChessBase"]
[SourceDate "2021.10.06"]
[SourceVersion "1"]
[SourceVersionDate "2021.10.06"]
[SourceQuality "1"]

1. e4 e6 2. d4 d5 3. exd5 exd5 4. Nf3 Bd6 5. c4 Nf6 6. Nc3 h6 7. c5 Be7 8. Bf4 c6 9. Bd3 0-0 10. 0-0 b6 11. b4 bxc5 12. bxc5 Ba6 13. Bxa6 Nxa6 14. Qa4 Qc8 15. Rfe1 Re8 16. Ne5 Nb8 17. h3 Nfd7 18. Nd3 Qa6 19. Qc2 Qa5 20. Re2 Na6 21. Rae1 Kf8 22. Nc1 Nf6 23. Nb3 Qa3 24. Qd2 Ng8 25. Bd6 Bxd6 26. Rxe8+ Rxe8 27. Rxe8+ Kxe8 28. cxd6 Qxd6 29. Qe2+ Qe7 30. Qxa6 Qe1+ 31. Kh2 Qxc3 32. Qc8+ Ke7 33. Qxg8 Qe1 34. Qxg7 Qxf2 35. Qe5+ Kf8 36. Qd6+ Ke8 37. Qxc6+ Ke7 38. Qb7+ Kf8 39. Qb4+ Ke8 40. Qd2 Qf6 41. Nc5 h5 42. Qe1+ Kd8 43. Qa5+ Ke8 44. Qb5+ Ke7 45. Qb7+ Ke8 46. Qb8+ Ke7 47. Qxa7+ Ke8 48. Qb8+ Ke7 49. Qe5+ 1-0

[Event "Baden-ch U16"]
[Site "Karlsruhe"]
[Date "2014.01.02"]
[Round "2"]
[White "Senel, Onur"]
[Black "Lorenz, Jannik"]
[Result "0-1"]
[WhiteElo "1516"]
[BlackElo "1786"]
[PlyCount "106"]
[EventDate "2014.01.??"]
[EventType "swiss"]
[EventRounds "7"]
[EventCountry "GER"]
[SourceTitle "EXT 2022"]
[Source "ChessBase"]
[SourceDate "2021.10.06"]
[SourceVersion "1"]
[SourceVersionDate "2021.10.06"]
[SourceQuality "1"]

1. e4 e6 2. d4 d5 3. exd5 exd5 4. Bd3 Nc6 5. Be3 Bd6 6. Nf3 Nge7 7. Nbd2 Bg4 8. c3 Qd7 9. Qc2 Bf5 10. 0-0-0 0-0-0 11. Rhe1 Na5 12. Nb3 Bxd3 13. Rxd3 Nc4 14. Nbd2 Qb5 15. Nxc4 dxc4 16. Rdd1 a5 17. Ng5 Qd5 18. Qe4 Qxe4 19. Nxe4 Nd5 20. g3 Rhe8 21. Ng5 f6 22. Nf3 a4 23. Bd2 a3 24. Rxe8 Rxe8 25. Re1 Rxe1+ 26. Nxe1 f5 27. Nc2 axb2+ 28. Kxb2 b5 29. Ne3 Nxe3 30. Bxe3 Kd7 31. Kc2 Ke6 32. f4 Kd5 33. Kd2 Ke4 34. Ke2 Ba3 35. Bd2 c5 36. Be3 cxd4 37. Bxd4 g6 38. h3 h5 39. h4 Bb2 40. Be5 Ba1 41. Bd4 b4 42. Be5 bxc3 43. a4 Kd5 44. Kd1 Kc5 45. Kc2 Kb4 46. Kb1 Bb2 47. Kc2 Kxa4 48. Bxc3 Bxc3 49. Kxc3 Kb5 50. Kc2 Kb4 51. Kb2 c3+ 52. Kc2 Kc4 53. Kc1 Kd3 0-1